Регионална библиотека "Любен Каравелов" - Русе

Под нас земя и море (Запис номер 170159)

MARC детайли
000 -Лидер
Контролно поле с фиксирана дължина nam a22 a 4500
003 - Код на организацията, давaща контролен номер
Контролно поле BLK
005 - Дата и час на последна редакция
Контролно поле 20220517094315.0
008 - Елементи от данни с фиксирана дължина
fixed length control field 180411b bul|||||r ||||||| ||bul||
010 ## - Наследен системен номер
LC control number KNG00178266000
040 ## - Източник на каталожния запис
Идентификатор на билиотеката - собственик на записа BLK
041 ## - Код за език
Код за езика на текст/звукозапис или на отделно заглавие Български
Код за езика КДБФ Български
080 ## - УДК
Текстов определител УДК Военновъздушни сили. Вж и 355.3 ; 359
УДК код - определител по УДК 358.4
УДК определител (092)
УДК - код + определител 358.4(092)
080 ## - УДК
Текстов определител УДК Руска литература
УДК код - определител по УДК 821.161.1
УДК определител -9
УДК - код + определител 821.161.1-9
100 1# - Редна дума - Автор
Автор Курзенков, Сергей Георгиевич
Авторска отговорност първи автор
R(LIN) 85802
139 ## - Редно поле
Редна дума Курзенков, Сергей Г.
Авторски знак Куп - К 94
245 10 - Сведения за заглавието
Заглавие Под нас земя и море
Подзаглавни данни Спомени
Редно поле (дума) Сергей Георгиевич Курзенков; прев. от рус. Борис Д. Михалков.
257 ## - Страна на издаване
Страна на създаване/издаване СССР
260 ## - Област на издателските данни
Име на издателя, разпространителя и проч. Държ. воен. изд.
Година на издаване 1965
Място на издаване, разпространение и проч. София
300 ## - Физическа характеристика
Страници 160 с.
Размери/Мащаб 25 см
380 ## - Жанр
Жанр Обществени науки
490 ## - СЕРИИ (Колекции)
Име на серия Военни мемоари
9 (RLIN) 205779
650 #4 - Допълнително описание по предмет – тема
Основно описание – тема или топоним Велика отечествена война - СССР - спомени
9 (RLIN) 277456
650 #4 - Допълнително описание по предмет – тема
Основно описание – тема или топоним Военновъздушни сили - СССР - история
9 (RLIN) 293451
653 ## - Ключова дума – ненормативна
Ключова дума военновъздушни сили
700 1# - Други автори (авторска отговорност)
Лично име Михалков, Борис Д.
Автороска отговорност (Описва отношението между автора и произведението) прев. от рус.
9 (RLIN) 382659
852 ## - Местоположение
Форматна сигнатура Цб 33259
Фондова буква Хранилище
856 4# - Електронен адрес и достъп
Електронен формат pdf - файл
856 4# - Електронен адрес и достъп
Електронен формат pdf - файл
999 ## - СИСТЕМНИ КОНТРОЛНИ НОМЕРА
Koha biblionumber 170159
Koha biblioitemnumber 170159
942 ## - АРТИКУЛИ
Вид на библиотечния материал Книги
Скрит в OPAC Не
Периодичен библиозапис Да
944 ## - СЪЗДАВАНЕ И РЕДАКЦИЯ на ЗАПИСА
Създаване/Редакция Създаване
Дата на регистрацията/редакция 15.07.2015
Служител, извършил регистрацията/редакцията Наталия_Любомирова
944 ## - СЪЗДАВАНЕ И РЕДАКЦИЯ на ЗАПИСА
Създаване/Редакция Редакция
Дата на регистрацията/редакция 15.07.2015
Служител, извършил регистрацията/редакцията Наталия_Любомирова
999 ## - СИСТЕМНИ КОНТРОЛНИ НОМЕРА
Koha biblioitemnumber 170159
Наличности
Код за отписване Код за изгубен артикул Източник на класификационната схема Код за повреда Коз за рестрикции Код за отдаване Артикулен № Име на библиотеката - собственик Име на библиотеката, в която се намира в момента Статус (Текущо местоположение) Дата на вписване в системата Местоположение - отдел Цена в лева Инвентарен номер Систематично азбучна сигнатура Баркод Номер на екземпляра Цена в евро Служебна бележка Служебен тип на артикула
  Не е изгубен Universal Decimal Classification Не е повреден само за читалня ползва се в читалня 288107 Регионална библиотека "Любен Каравелов" Русе Регионална библиотека "Любен Каравелов" Русе Хранилище 1965-01-01 Хранилище 0.48 7319/65 Цб 33259 900000095524 1 0.25 N: стар фонд Дата: 01.01.1965 Книги
Изтеглен Не е изгубен Universal Decimal Classification Не е повреден без рестрикции заемане за дома 288108 Регионална библиотека "Любен Каравелов" Русе Регионална библиотека "Любен Каравелов" Русе Заемна - подръчен фонд 1965-01-01 Заемна - подръчен фонд 0.00 6991/65 П 355/359/ К 94 6991/65 2 0.00 N: стар фонд Дата: 01.01.1965 Книги
Изтеглен Не е изгубен Universal Decimal Classification Не е повреден без рестрикции заемане за дома 288109 Регионална библиотека "Любен Каравелов" Русе Регионална библиотека "Любен Каравелов" Русе Заемна - подръчен фонд 1965-01-01 Заемна - подръчен фонд 0.00 6994/65 П 355/359/ К 94 6994/65 3 0.00 N: стар фонд Дата: 01.01.1965 Книги
Изтеглен Не е изгубен Universal Decimal Classification Не е повреден без рестрикции заемане за дома 288110 Регионална библиотека "Любен Каравелов" Русе Регионална библиотека "Любен Каравелов" Русе Заемна - подръчен фонд 1965-01-01 Заемна - подръчен фонд 0.00 6995/65 П 355/359/ К 94 6995/65 4 0.00 N: стар фонд Дата: 01.01.1965 Книги
Изтеглен Не е изгубен Universal Decimal Classification Не е повреден без рестрикции заемане за дома 288111 Регионална библиотека "Любен Каравелов" Русе Регионална библиотека "Любен Каравелов" Русе Заемна - подръчен фонд 1965-01-01 Заемна - подръчен фонд 0.00 6996/65 П 355/359/ К 94 6996/65 5 0.00 N: стар фонд Дата: 01.01.1965 Книги
Изтеглен Не е изгубен Universal Decimal Classification Не е повреден без рестрикции заемане за дома 288112 Регионална библиотека "Любен Каравелов" Русе Регионална библиотека "Любен Каравелов" Русе Заемна - подръчен фонд 1965-01-01 Заемна - подръчен фонд 0.00 6997/65 П 355/359/ К 94 6997/65 6 0.00 N: стар фонд Дата: 01.01.1965 Книги
Vip Innovations Ltd, Rousse, Bulgaria 2025